000 00744nam a2200205Ia 4500
003 GCL
008 140319s9999 xx 000 0 ara d
040 _aGCL /
_cGCL
082 0 4 _a819
_bص ا
100 1 _aصلاح الدين البستانى
245 1 0 _aالف كلمة لامير المؤمنين وسيد البلغاء والمتكلمين للامام على بن ابى طالب كرم الله وجهه /
_cصلاح الدين البستانى
260 _a[S.N] :
_bدار العرب للبستانى ،
_c1994
300 _a139 ص
490 _a
650 0 4 _aالاسلام
650 0 4 _aالبلاغة العربية
650 0 4 _aالفقه الاسلامى
650 0 4 _aعلى بن ابى طالب
942 _2ddc
_cBK
999 _c35894
_d35894